[Event "TCh-CHN"]
[Site "Shenzhan CHN"]
[Date "2010.06.08"]
[Round "5"]
[White "Ni Hua"]
[Black "Wen Yang"]
[Result "1-0"]
[WhiteElo "2667"]
[BlackElo "2520"]

1.c4 e6 2.Nc3 d5 3.d4 Be7 4.Nf3 Nf6 5.Bg5 h6 6.Bxf6 Bxf6 7.e3 O-O 8.Qb3 dxc4
9.Bxc4 b6 10.O-O Bb7 11.Rfd1 c6 12.e4 Nd7 13.e5 Be7 14.a4 a6 15.Bd3 c5 16.d5 exd5
17.Nxd5 Nxe5 18.Nxe5 Bxd5 19.Qc2 Qd6 20.Nxf7 Qe6 21.Bh7+ Kxf7 22.Rxd5 Rfd8
23.Rf5+ Bf6 24.Rf3 Kf8 25.Re3 Qd7 26.Rae1 Rab8 27.g3 Qd5 28.Bg6 Kg8 29.Bf5 Kh8
30.Be6 Qh5 31.Ba2 b5 32.Bb1 Kg8 33.Qh7+ Kf7 34.Bf5 Rb6 35.g4 Qg5 36.f4  1-0

[Event "7th CHN-RUS"]
[Site "Ningbo CHN"]
[Date "2010.08.05"]
[Round "1"]
[White "Ni Hua"]
[Black "Timofeev,Arty"]
[Result "1/2-1/2"]
[WhiteElo "2645"]
[BlackElo "2690"]

1.e4 c5 2.Nf3 e6 3.d4 cxd4 4.Nxd4 Nf6 5.Nc3 d6 6.Be3 Be7 7.f4 Nc6 8.Qf3 Qc7
9.O-O-O a6 10.g4 Nd7 11.g5 b5 12.f5 Nxd4 13.Rxd4 Ne5 14.Qg3 Bd7 15.Kb1 Rc8
16.Bh3 Nc4 17.g6 hxg6 18.fxe6 Bxe6 19.Bxe6 fxe6 20.Qxg6+ Kd7 21.Bg5 Qc5 22.Rxc4 Qxg5
23.Qxg5 Bxg5 24.Rd4 Bf6 25.Rd3 Rc4 26.h3 b4 27.Na4 Kc6 28.Rhd1 Be5 29.c3 a5
30.Re1 Rh4 31.Rde3 bxc3 32.Nxc3 Bd4 33.Rd3 Bxc3 34.bxc3 Rhxe4 35.Rxe4 Rxe4
36.Rg3 Kc5 37.Rxg7 Kc4 38.Rc7+ Kd3 39.Kb2 d5 40.Rc6 a4 41.h4 Rxh4 42.Rxe6 Rh2+
43.Ka3 Kxc3 44.Rc6+ Kd3 45.Ra6 Rh4 46.Rd6 Kc4 47.Rd8 Rh2 48.Ra8 d4 49.Rxa4+ Kc3
50.Ra8 d3 51.Rc8+ Kd2 52.Kb4 Rh4+ 53.Kb5 Ke3 54.Rc1 d2 55.Rd1 Rh5+ 56.Kb6 Rh6+
57.Kb5 Rh5+ 58.Kb6 Rh4 59.Kb5 Ke2 60.Ra1 Rh5+ 61.Kb6 Rh6+ 62.Kb5 Rh8 63.a4 Rb8+
64.Kc6 Rb4 65.a5 Ra4 66.Rxa4 d1=Q 67.Rb4 Qa1 68.Rb5 Kd3 69.Rc5 Kd4 70.Kb6 Qa3
71.Rc7 Qb4+ 72.Ka6 Kd5 73.Rb7 Qa4 74.Kb6 Kd6 75.Rb8 Qc6+ 76.Ka7 Qc7+ 77.Ka6 Qc4+
78.Kb6 Qd4+ 79.Ka6 Kc7 80.Rb7+ Kc8 81.Rb6 Qd5 82.Rb5 Qd3 83.Kb6 Kb8 84.Rc5 Qd7
85.Rc6 Qd8+ 86.Kb5 Qd5+ 87.Kb6 Qe4 88.Kb5 Qb1+ 89.Kc5 Ka7 90.a6 Qf5+ 91.Kd6 Qe4
92.Kd7 Qa4 93.Kd6 Qb5 94.Kd7 Qd5+ 95.Kc7 Qd4 96.Kc8 Qd3 97.Kc7 Qd5 98.Rd6 Qf7+
99.Kc8 Qe8+ 100.Kc7 Qe7+ 101.Kc8 Ka8 102.Rc6 Qf7 103.Kd8 Qd5+ 104.Kc7 Ka7
105.Rd6 Qb5 106.Rc6 Qe5+ 107.Kd7 Qe3 108.Kd8 Qg1 109.Kd7 Qg7+ 110.Kd8 Qd4+
111.Kc7 Ka8 112.Kc8 Qd5 113.Kc7 Ka7  1/2-1/2

[Event "7th CHN-RUS Rapid"]
[Site "Ningbo CHN"]
[Date "2010.08.14"]
[Round "16"]
[White "Timofeev,Arty"]
[Black "Ni Hua"]
[Result "1-0"]
[WhiteElo "2690"]
[BlackElo "2645"]

1.e4 e5 2.Nf3 Nc6 3.Bb5 Nf6 4.O-O Nxe4 5.d4 Nd6 6.Bxc6 dxc6 7.dxe5 Nf5 8.Qxd8+ Kxd8
9.Nc3 Ke8 10.h3 b6 11.a3 Bb7 12.Rd1 Be7 13.Bf4 Rc8 14.Rd2 h6 15.Re1 g5 16.Bh2 h5
17.Ne4 g4 18.hxg4 hxg4 19.Nd4 Nxd4 20.Rxd4 c5 21.Nf6+ Kf8 22.Rxg4 Rd8 23.Bf4 Bxf6
24.exf6 Rd4 25.c3 Bc8 26.cxd4 Bxg4 27.dxc5 bxc5 28.Re7 Rh5 29.Rxc7 Kg8 30.Rxa7  1-0

[Event "7th CHN-RUS Rapid"]
[Site "Ningbo CHN"]
[Date "2010.08.14"]
[Round "17"]
[White "Potkin,V"]
[Black "Ni Hua"]
[Result "1/2-1/2"]
[WhiteElo "2626"]
[BlackElo "2645"]

1.d4 d5 2.c4 c6 3.Nf3 Nf6 4.e3 a6 5.Nbd2 Bf5 6.Qb3 Qc7 7.Bd3 Bxd3 8.Qxd3 e6
9.O-O Be7 10.e4 dxe4 11.Nxe4 Nbd7 12.b3 O-O 13.Bb2 Rfd8 14.Rad1 Nxe4 15.Qxe4 Bf6
16.Rd2 a5 17.a4 h6 18.Rfd1 Rac8 19.h3 c5 20.Qe3 cxd4 21.Bxd4 Bxd4 22.Nxd4 Nc5
23.Nb5 Rxd2 24.Rxd2 Qe7 25.Nd6 Rc7 26.Nb5 Rc8 27.Nd6 Rc7 28.Nb5 Rc8 29.Nd6 Rc6
30.Ne4 b6 31.Nxc5 bxc5 32.Rd3 Qf6 33.Qd2 Qa1+ 34.Kh2 Qe5+ 35.g3 Qf5 36.h4 Kh7
37.Kg1 Rc8 38.Qe3 Rb8 39.Kg2 g5 40.hxg5 hxg5 41.Qe2 g4 42.Re3 Kg6 43.Re5 Qf3+
44.Qxf3 gxf3+ 45.Kxf3  1/2-1/2

[Event "1st Campomanes Memorial Cup Open"]
[Site "Manila PHI"]
[Date "2010.08.28"]
[Round "1"]
[White "Pascua,H"]
[Black "Ni Hua"]
[Result "0-1"]
[WhiteElo "2368"]
[BlackElo "2645"]

1.d4 Nf6 2.c4 g6 3.g3 Bg7 4.Bg2 d5 5.Nf3 O-O 6.O-O dxc4 7.Ne5 Nc6 8.Nxc6 bxc6
9.Bxc6 Bh3 10.Re1 Rb8 11.Na3 Ng4 12.e3 e5 13.Bg2 Bxg2 14.Kxg2 f5 15.h3 Qd5+
16.Qf3 Nf6 17.Qxd5+ Nxd5 18.dxe5 c3 19.Nc4 Nb6 20.Nxb6 Rxb6 21.bxc3 Bxe5
22.Ba3 Bxc3 23.Bxf8 Kxf8 24.Rab1 Bxe1 25.Rxe1 Ke7 26.Rc1 Kd6 27.Rd1+ Ke6
28.Rc1 c6 29.Kf3 Kd6 30.Rc2 c5 31.Kf4 Kd5 32.g4 fxg4 33.hxg4 c4 34.e4+ Kd4
35.Rd2+ Kc3 36.Ke3 g5 37.Re2 Re6 38.f3 a5 39.Rh2 h6 40.Rh1 a4 41.Rc1+ Kb4
42.Rb1+ Kc5 43.Rb8 a3 44.Rd8 Re7 45.Rd5+ Kb4 46.e5 c3 47.Kd3 Rf7 48.Rd4+ Kc5
49.Ra4 Rxf3+ 50.Kc2 Rf4 51.Rxa3 Rxg4 52.Rxc3+ Kd5 53.Re3 Ke6 54.Kb3 h5 55.a4 Rg1
56.a5 h4 57.Kb4 Ra1 58.Kb5 g4 59.Re4 g3 60.Rg4 h3 61.Rxg3 h2 62.Rh3 h1=Q
63.Rxh1 Rxh1 64.a6 Kd7 65.Kb6 Rb1+ 66.Ka7 Kc7 67.e6 Re1  0-1

[Event "1st Campomanes Memorial Cup Open"]
[Site "Manila PHI"]
[Date "2010.08.29"]
[Round "2"]
[White "Ni Hua"]
[Black "Dableo,R"]
[Result "1-0"]
[WhiteElo "2645"]
[BlackElo "2448"]

1.e4 e6 2.d4 d5 3.Nd2 dxe4 4.Nxe4 Bd7 5.Nf3 Bc6 6.Bd3 Nd7 7.O-O Ngf6 8.Ng3 Be7
9.Re1 Bxf3 10.Qxf3 c6 11.c4 O-O 12.b3 Qa5 13.Re2 Ba3 14.Bf4 Rfe8 15.c5 b6
16.Ne4 bxc5 17.Nd6 cxd4 18.Nxe8 Rxe8 19.Qxc6 Nb6 20.Be5 Rc8 21.Qb7 Rd8 22.Bxf6 gxf6
23.Bxh7+ Kg7 24.Bd3 Nd5 25.g3 Qb6 26.Qxb6 axb6 27.Kg2 f5 28.Rc2 Kf6 29.Bc4 Nc3
30.f4 Kg7 31.Kf3 Kf6 32.h3 b5 33.Bd3 Rh8 34.Rh2 Ke7 35.h4 Kf6 36.h5 Kg7 37.Rg1 Kh6
38.g4 Nd5 39.gxf5 Nxf4 40.Bxb5 e5 41.Bc4 Rc8 42.Ke4 Bd6 43.f6 Ne6 44.Bxe6 fxe6
45.Rg6+ Kh7 46.f7  1-0

[Event "1st Campomanes Memorial Cup Open"]
[Site "Manila PHI"]
[Date "2010.08.30"]
[Round "4"]
[White "Ni Hua"]
[Black "Yap,K"]
[Result "1-0"]
[WhiteElo "2645"]
[BlackElo "2394"]

1.e4 d6 2.d4 g6 3.Nc3 Bg7 4.Be3 Nf6 5.Nf3 O-O 6.Qd2 c6 7.Bh6 Qa5 8.O-O-O Bg4
9.Kb1 Bxh6 10.Qxh6 Nbd7 11.h3 Bxf3 12.gxf3 Rfd8 13.h4 Qh5 14.Qe3 e5 15.Be2 Kf8
16.a3 Kg8 17.Rdg1 exd4 18.Qxd4 Qc5 19.Qd2 Nh5 20.f4 Qxf2 21.Rf1 Qg2 22.Qd1  1-0

[Event "TCh-CHN"]
[Site "Guangzhou CHN"]
[Date "2010.09.12"]
[Round "12"]
[White "Ni Hua"]
[Black "Xiu Deshun"]
[Result "1/2-1/2"]
[WhiteElo "2667"]
[BlackElo "2493"]

1.e4 c5 2.Nf3 d6 3.d4 cxd4 4.Nxd4 Nf6 5.Nc3 a6 6.Be3 Ng4 7.Bg5 h6 8.Bh4 g5
9.Bg3 Bg7 10.h3 Ne5 11.Be2 Nbc6 12.Nb3 b5 13.Nd5 e6 14.Ne3 Bb7 15.O-O Ne7
16.a4 O-O 17.axb5 axb5 18.Rxa8 Bxa8 19.Nd2 d5 20.Bxb5 dxe4 21.Bxe5 Bxe5 22.Ndc4 Bg7
23.Qxd8 Rxd8 24.Ra1 Rb8 25.c3 Nd5 26.Ra7 Nf4 27.Nd6 Bf8 28.Nec4 Bd5 29.Be8 Rxe8
30.Nxe8 Bxc4 31.Rc7 Bd3 32.c4 Bb4 33.c5 Nd5 34.Rc8 Ne7 35.Rc7 Nd5 36.Rc8 Ne7  1/2-1/2

[Event "TCh-CHN"]
[Site "Guangzhou CHN"]
[Date "2010.10.14"]
[Round "14"]
[White "Ni Hua"]
[Black "Zhao Jun"]
[Result "1/2-1/2"]
[WhiteElo "2667"]
[BlackElo "2575"]

1.e4 c5 2.Nf3 d6 3.c3 Nf6 4.Be2 g6 5.O-O Bg7 6.Bb5+ Bd7 7.Bxd7+ Nbxd7 8.Re1 c4
9.Na3 Rc8 10.Qe2 Qc7 11.b3 cxb3 12.axb3 a6 13.Rb1 O-O 14.c4 Nc5 15.d3 b5
16.cxb5 axb5 17.Nxb5 Qb6 18.Na3 Qa6 19.Nc4 d5 20.exd5 Nxd5 21.Bd2 Qa2 22.b4 Nxd3
23.Qxd3 Qxc4 24.Qxc4 Rxc4 25.Rec1 Rxc1+ 26.Rxc1 Rb8 27.Rc4 e6 28.Ne1 Bf8
29.Nd3 Bd6 30.Kf1 Kf8 31.Ke2  1/2-1/2

[Event "TCh-CHN"]
[Site "Guangzhou CHN"]
[Date "2010.10.15"]
[Round "15"]
[White "Ni Hua"]
[Black "Yu Lie"]
[Result "1/2-1/2"]
[WhiteElo "2667"]
[BlackElo "2449"]

1.e4 e5 2.Nf3 Nc6 3.Bb5 Nf6 4.Nc3 Bb4 5.O-O O-O 6.d3 d6 7.Bg5 Ne7 8.Nh4 c6
9.Bc4 d5 10.Bb3 a5 11.a3 Bxc3 12.bxc3 Ng6 13.Qf3 Nxh4 14.Bxh4 Be6 15.Rfe1 dxe4
16.Rxe4 Bxb3 17.cxb3 Qd6 18.Bxf6 Qxf6 19.Qxf6 gxf6 20.Rae1 Rfd8 21.R1e3 Rd5
22.Rg3+ Kf8 23.Kf1 Rb5 24.b4 axb4 25.axb4 Ra3 26.d4 Rd5 27.dxe5 fxe5 28.Rge3 f6
29.g3 Rd2 30.Rf3 Kg7 31.Rg4+ Kf7 32.Rh4 Kg7 33.Rg4+ Kf7 34.Rh4  1/2-1/2

[Event "16th Asian Games Rapid"]
[Site "Guangzhou CHN"]
[Date "2010.11.13"]
[Round "1"]
[White "Araz,B"]
[Black "Ni Hua"]
[Result "0-1"]
[WhiteElo "2349"]
[BlackElo "2633"]

1.d4 Nf6 2.c4 c5 3.d5 e5 4.Nc3 d6 5.g3 Be7 6.Bg2 O-O 7.e4 Ne8 8.Nge2 g6 9.O-O Ng7
10.Bh6 Bg5 11.Bxg5 Qxg5 12.f4 Qe7 13.Qd2 Bg4 14.Rae1 Nd7 15.Nc1 exf4 16.gxf4 Rae8
17.Nd3 a6 18.a4 Qh4 19.Qf2 Qxf2+ 20.Nxf2 f5 21.Nxg4 fxg4 22.h3 Nh5 23.Ne2 g3
24.h4 Ndf6 25.Nc3 Ng4 26.Bf3 Rxf4 27.Ne2 Nh2 28.Nxf4 Nxf4 29.e5 Nxf1 30.Kxf1 Nd3  0-1

[Event "16th Asian Games Rapid"]
[Site "Guangzhou CHN"]
[Date "2010.11.14"]
[Round "3"]
[White "Mok Tze Meng"]
[Black "Ni Hua"]
[Result "0-1"]
[WhiteElo "2394"]
[BlackElo "2633"]

1.e4 e6 2.Nf3 d5 3.Nc3 Nf6 4.e5 Nfd7 5.d4 c5 6.dxc5 Nc6 7.Bf4 Be7 8.Bg3 Nxc5
9.Be2 O-O 10.O-O a6 11.Nd4 Bd7 12.Nb3 b5 13.Nxc5 Bxc5 14.a3 Bd4 15.Re1 Bc5
16.Rf1 Bd4 17.Re1 Qg5 18.Bd3 f5 19.exf6 Rxf6 20.Qc1 Qxc1 21.Raxc1 Raf8 22.Rf1 Ne5
23.Rce1 Nc4 24.Bxc4 bxc4 25.Rd1 Bb6 26.Ne2 Ba4 27.Rd2 Be3  0-1

[Event "16th Asian Games Rapid"]
[Site "Guangzhou CHN"]
[Date "2010.11.16"]
[Round "9"]
[White "Minhazuddin,A"]
[Black "Ni Hua"]
[Result "1/2-1/2"]
[WhiteElo "2350"]
[BlackElo "2633"]

1.e4 e5 2.Nf3 Nc6 3.d4 exd4 4.Nxd4 Bc5 5.Be3 Qf6 6.c3 Nge7 7.Bc4 b6 8.O-O Bb7
9.Nxc6 Qxc6 10.Bxc5 Qxc5 11.Nd2 O-O 12.b4 Qe5 13.Qb3 d5 14.exd5 Nxd5 15.Rae1 Qf5
16.Qb1 Qf6 17.Ne4 Qg6 18.Bxd5 Bxd5 19.f3 Rfe8 20.a3 Rad8 21.Ng3 Qxb1 22.Rxb1 Kf8
23.Rfe1 Rxe1+ 24.Rxe1 Bc4 25.Re4 Be6 26.Rd4 Rc8 27.Ne4 Ke7 28.g4 f5 29.Ng5 c5
30.Rd3 fxg4 31.Re3 Rc6 32.Nxh7 gxf3 33.Ng5 Kf6 34.Nxf3 Bf5 35.Kf2 Re6 36.Rxe6+ Kxe6
37.bxc5 bxc5 38.Ke3 Kd5 39.Nd2 c4 40.Kf4 Bd3 41.Nf3 Kc5 42.Ke3 Kb5 43.Nd4+ Ka4
44.Nc6 a5 45.Kd4 Bf1 46.h4 g6 47.Ne5 Kxa3 48.Nxg6 Be2 49.Nf4 Bg4 50.Kxc4 a4
51.Nd3 Ka2 52.Kb4 a3 53.Nc1+ Kb2 54.c4 Kxc1 55.Kxa3 Kd2  1/2-1/2

[Event "16th Asian Games Team Men"]
[Site "Guangzhou CHN"]
[Date "2010.11.18"]
[Round "1"]
[White "Abu Sufian,S"]
[Black "Ni Hua"]
[Result "0-1"]
[WhiteElo "2340"]
[BlackElo "2633"]

1.e4 e6 2.d4 d5 3.Nc3 Nf6 4.e5 Nfd7 5.f4 c5 6.Nf3 Nc6 7.Be3 cxd4 8.Nxd4 Bc5
9.Qd2 O-O 10.O-O-O a6 11.Qf2 Qe7 12.Bd3 f6 13.exf6 Nxf6 14.h3 Bd6 15.Qh4 Nb4
16.Rhe1 Nxd3+ 17.Rxd3 b5 18.a3 Qb7 19.Bd2 Ne4 20.Nxe4 dxe4 21.Rde3 Qd5 22.Rxe4 Qa2
23.Bc3 Ra7 24.Nb3 Rc7 25.Kd2 Bb7 26.Rd4 Rxc3 27.bxc3 Bd5 28.Rxd5 exd5 29.g3 Qxa3
30.Qg5 Kh8 31.Ra1 Qb2 32.Rxa6 Bb8 33.Qxd5 h6 34.Re6 Qb1 35.Re1 Qa2 36.Qxb5 Qa8
37.Qe2 Rd8+ 38.Nd4 Ba7 39.Qe4 Qc8 40.Kc1 Qxc3 41.Nf3 Qa1+  0-1

[Event "16th Asian Games Team Men"]
[Site "Guangzhou CHN"]
[Date "2010.11.19"]
[Round "2"]
[White "Ni Hua"]
[Black "Laylo,D"]
[Result "1-0"]
[WhiteElo "2633"]
[BlackElo "2527"]

1.Nf3 Nf6 2.c4 g6 3.Nc3 d5 4.cxd5 Nxd5 5.Qa4+ Nc6 6.Ne5 Qd6 7.Nxc6 Qxc6 8.Qxc6+ bxc6
9.b3 Bg7 10.Bb2 Nxc3 11.Bxc3 Bxc3 12.dxc3 Be6 13.O-O-O a5 14.g3 a4 15.Bg2 Ra6
16.c4 O-O 17.Kb2 Rb8 18.Kc3 axb3 19.axb3 Ra2 20.Rhe1 Bf5 21.Bxc6 Bc2 22.Rd7 Rxb3+
23.Kd4 Bf5 24.Rxe7 Be6 25.Be4 Rd2+ 26.Kc5 c6 27.Bd3 Ra2 28.Rc1 Ra6 29.Rc7 Rbb6
30.Ra7 Kf8 31.Ra1 Rxa1 32.Rxa1 Rb8 33.Kxc6 Rc8+ 34.Kb5 Ke7 35.Kb4 g5 36.Ra7+ Kf6
37.c5 Ke5 38.Bc4 Rb8+ 39.Kc3 Rb1 40.Bxe6 Kxe6 41.Ra6+ Ke5 42.Rh6 Rc1+ 43.Kd3 Rxc5
44.Rxh7 f5 45.f3 Ra5 46.Ke3 Kf6 47.h4 Ra3+ 48.Kf2 gxh4 49.Rxh4 Ra2 50.Rb4 Ra3
51.g4 fxg4 52.Rxg4  1-0

[Event "16th Asian Games Team Men"]
[Site "Guangzhou CHN"]
[Date "2010.11.20"]
[Round "3"]
[White "Nguyen Huynh Minh Huy"]
[Black "Ni Hua"]
[Result "0-1"]
[WhiteElo "2459"]
[BlackElo "2633"]

1.d4 Nf6 2.Nf3 g6 3.g3 Bg7 4.Bg2 d5 5.c4 O-O 6.O-O dxc4 7.Na3 Nc6 8.Nxc4 Be6
9.b3 Bd5 10.Bb2 a5 11.a4 Qb8 12.Ncd2 Ne4 13.e3 Rd8 14.Qe2 Nb4 15.Rac1 b6
16.Ba3 Qb7 17.Nxe4 Bxe4 18.Ne1 Bxg2 19.Nxg2 e5 20.Bxb4 axb4 21.dxe5 Bxe5
22.Rfd1 Rxd1+ 23.Rxd1 Qe4 24.f3 Qc6 25.e4 Qe6 26.Qd3 Bc3 27.Qd5 c6 28.Qxe6 fxe6
29.Nf4 e5 30.Ne2 b5 31.axb5 cxb5 32.Rd5 Ra2 33.Kf1 Ra1+ 34.Kg2 Re1 35.Kf2 Rb1
36.Rxb5 Be1+ 37.Kg2 Rxb3 38.f4 exf4 39.gxf4 Rd3 40.Nc1 Re3 41.e5 Bd2 42.Na2 Rb3
43.e6 Kf8 44.Rb7 Rb2 45.Nxb4 Rxb4 46.Rf7+ Ke8 47.Rxh7 Rxf4 48.h4 Rf6 49.h5 g5
50.Kg3 Rxe6 51.Kg4 Re7 52.Rh8+ Kf7 53.Ra8 Kg7 54.Ra6 Re4+  0-1

[Event "16th Asian Games Team Men"]
[Site "Guangzhou CHN"]
[Date "2010.11.21"]
[Round "4"]
[White "Ni Hua"]
[Black "Gopal,G"]
[Result "1-0"]
[WhiteElo "2633"]
[BlackElo "2609"]

1.Nf3 d5 2.d4 Nf6 3.c4 c6 4.e3 Bg4 5.h3 Bxf3 6.Qxf3 e6 7.Bd3 Nbd7 8.O-O Bd6
9.Nd2 O-O 10.e4 e5 11.cxd5 cxd5 12.exd5 Re8 13.Ne4 exd4 14.Bg5 h6 15.Nxd6 Ne5
16.Qf5 Qxd6 17.Bxf6 Qxf6 18.Qxf6 gxf6 19.Rad1 Red8 20.Be4 f5 21.Bxf5 Rxd5
22.Be4 Rd7 23.Rfe1 Rad8 24.b3 Nc6 25.Kf1 a5 26.Rd2 Nb4 27.Rc1 b6 28.Bd3 Nxd3
29.Rxd3 Rd6 30.Rc7 Kf8 31.Ke2 Re6+ 32.Kd2 Rf6 33.Ke2 Rd5 34.Rc4 Rfd6 35.Rf3 d3+
36.Kd2 Re5 37.Rxd3 Rde6 38.Rc8+ Kg7 39.Rg3+ Kf6 40.Rf3+ Rf5 41.Rxf5+ Kxf5
42.Rc3 Rg6 43.Rf3+ Ke4 44.Re3+ Kd4 45.g3 Rf6 46.f3 b5 47.Re4+ Kc5 48.Ke3 Rd6
49.a3 Rd1 50.b4+ axb4 51.axb4+ Kd5 52.Rh4 Re1+ 53.Kf4 Re6 54.Kf5 Rc6 55.Re4 Rc4
56.Kf6 Rc7 57.h4 h5 58.Rf4 Rc4 59.Kf5 Rxf4+ 60.Kxf4 Kc4 61.g4 Kxb4 62.gxh5 Kc4
63.h6  1-0

[Event "16th Asian Games Team Men"]
[Site "Guangzhou CHN"]
[Date "2010.11.23"]
[Round "6"]
[White "Ni Hua"]
[Black "Tologontegin,S"]
[Result "1-0"]
[WhiteElo "2633"]
[BlackElo "2330"]

1.e4 c6 2.d4 d5 3.e5 Bf5 4.Nf3 e6 5.Be2 Nd7 6.O-O Bg6 7.Nbd2 Nh6 8.c3 Be7
9.Ne1 c5 10.Ndf3 Nf5 11.Nd3 cxd4 12.cxd4 O-O 13.Nf4 Rc8 14.g3 Qb6 15.Kg2 Nb8
16.Nxg6 fxg6 17.Qb3 Bd8 18.Qa4 Nc6 19.Rd1 a6 20.Rb1 Qa7 21.Be3 b5 22.Qa3 Bb6
23.Rbc1 Ncxd4 24.Rxc8 Rxc8 25.Nxd4 Nxd4 26.Bxd4 Bxd4 27.Qd6 Re8 28.Bg4 Bxf2
29.Bxe6+ Kh8 30.Qd7 Rf8 31.Qxa7 Bxa7 32.Rxd5 Rf2+ 33.Kh3 h5 34.g4 hxg4+ 35.Bxg4 Kh7
36.Kg3 Rc2 37.e6 Bc5 38.b3 Be7 39.Rd7 Bg5 40.e7 Rc3+ 41.Kf2 Rc8 42.Ra7 Re8
43.Rxa6 Rxe7 44.a4 bxa4 45.bxa4 Re4 46.h3 Bd2 47.Ra8 Re5 48.Kf3 Re3+ 49.Kf2 Re5
50.Rd8 Ba5 51.Rb8 Re4 52.Bd7 Kh6 53.Kf3 Rd4 54.Rb7 Bd2 55.Be8 Ba5 56.Ra7 Bb6
57.Ra6 Rb4 58.a5 Rb3+ 59.Kg2 Rb2+ 60.Kf1 Bd4 61.Rxg6+ Kh7 62.Rd6 Bc5 63.Rc6 Ba7
64.Bg6+ Kh6 65.Bd3+ Kh5 66.Rc7 Bd4 67.Rd7 Rb4  1-0

[Event "9th Parsvnath Open"]
[Site "New Delhi IND"]
[Date "2011.01.08"]
[Round "1"]
[White "Kjartansson,G"]
[Black "Ni Hua"]
[Result "0-1"]
[WhiteElo "2379"]
[BlackElo "2645"]

1.c4 e5 2.g3 Nf6 3.Bg2 Nc6 4.Nc3 Bb4 5.Nf3 Bxc3 6.bxc3 d6 7.Rb1 O-O 8.O-O e4
9.Nd4 Ne5 10.d3 c5 11.Nc2 exd3 12.exd3 Bg4 13.f3 Bf5 14.f4 Nxd3 15.Ba3 d5
16.cxd5 Nxd5 17.Qd2 Re8 18.Rxb7 c4 19.Nd4 Be4 20.Bxe4 Rxe4 21.Nf5 Qe8 22.Qg2 Ne3
23.Nxe3 Rxe3 24.Rxf7 Qxf7 25.Qxa8+ Re8 26.Qc6 Qe6 27.Qxe6+ Rxe6 28.Rb1 Ra6
29.Rb8+ Kf7 30.Rb7+ Ke6 31.Bf8 Rxa2 32.Rxg7 Kf5 33.Bc5 a5 34.h3 a4 35.Rc7 Rc2
36.Bf8 Rxc3 37.Re7 Rc1+ 38.Kg2 c3 39.Bg7 h5 40.Bd4 c2 41.Be3 Re1  0-1

[Event "9th Parsvnath Open"]
[Site "New Delhi IND"]
[Date "2011.01.08"]
[Round "2"]
[White "Ni Hua"]
[Black "Grover,S"]
[Result "0-1"]
[WhiteElo "2645"]
[BlackElo "2462"]

1.e4 e6 2.d4 d5 3.Nd2 Nf6 4.e5 Nfd7 5.Bd3 c5 6.c3 Nc6 7.Ne2 cxd4 8.cxd4 f6
9.Nf4 Nxd4 10.Qh5+ Ke7 11.exf6+ Nxf6 12.Ng6+ hxg6 13.Qxh8 Kf7 14.O-O e5 15.Nb3 Nxb3
16.axb3 Bf5 17.Bxf5 gxf5 18.Bg5 Bc5 19.Qh3 Qd7 20.Bxf6 Kxf6 21.Rac1 Bb6 22.Rc3 g6
23.Qh4+ Ke6 24.g4 f4 25.Rfc1 Rg8 26.Qh3 e4 27.Rc8 Rxc8 28.Rxc8 Kd6 29.Rf8 f3
30.Rf6+ Kc5 31.Rxg6 Qb5 32.Qg3 Qa5 33.h4 Bc7  0-1

[Event "9th Parsvnath Open"]
[Site "New Delhi IND"]
[Date "2011.01.10"]
[Round "4.31"]
[White "Ni Hua"]
[Black "Dilip,D"]
[Result "1-0"]
[WhiteElo "2645"]
[BlackElo "2021"]

1.e4 c5 2.Nf3 Nc6 3.d4 cxd4 4.Nxd4 Nf6 5.Nc3 e6 6.Ndb5 Bb4 7.a3 Bxc3+ 8.Nxc3 d5
9.exd5 exd5 10.Bd3 O-O 11.O-O d4 12.Ne2 Bg4 13.Bg5 Qd6 14.Qd2 a6 15.Rae1 Rfe8
16.Ng3 Ne5 17.Bf4 Nfd7 18.Re4 Qb6 19.Bxe5 Nxe5 20.Rfe1 f6 21.f4 Nxd3 22.Rxe8+ Rxe8
23.Rxe8+ Kf7 24.Rb8 Nxb2 25.Qb4 Qxb4 26.axb4 b5 27.Rd8 Nc4 28.Rxd4 g6 29.Ne4 Bf5
30.Nd6+ Nxd6 31.Rxd6 Bxc2 32.Rxa6 h5 33.h4 Bb3 34.Kf2 Bd5 35.g3 Ke7 36.Ke3 Bc4
37.Kd4 Kf7 38.Kc5 Ke7 39.Rb6 Bf1 40.Rxb5 Ke6 41.Ra5 Kf5 42.b5 Kg4 43.b6  1-0

[Event "9th Parsvnath Open"]
[Site "New Delhi IND"]
[Date "2011.01.10"]
[Round "5"]
[White "Chattarjee,L"]
[Black "Ni Hua"]
[Result "0-1"]
[WhiteElo "2214"]
[BlackElo "2645"]

1.e4 e6 2.d4 d5 3.exd5 exd5 4.Bd3 Bd6 5.Ne2 Qf6 6.O-O Ne7 7.Ng3 h5 8.c3 Nbc6
9.Na3 Bxa3 10.bxa3 Bg4 11.f3 Bd7 12.Rb1 O-O-O 13.Qd2 h4 14.Ne2 Bf5 15.Nf4 g5
16.Bxf5+ Qxf5 17.Nd3 Na5 18.Qc2 f6 19.Nb4 Rhe8 20.Qxf5+ Nxf5 21.Kf2 Nc4 22.Nc2 b6
23.a4 Kd7 24.Na3 Nxa3 25.Bxa3 Ne3 26.Rfe1 Nc4 27.Rxe8 Rxe8 28.Bc1 Ke6 29.a3 Kf5
30.Ra1 Kg6 31.Ra2 f5 32.g3 h3 33.Re2 Rxe2+ 34.Kxe2 g4 35.fxg4 fxg4 36.Kd3 c6
37.Ke2 Kf6 38.Kf2 Kf5 39.Ke1 Ke4 40.Ke2 a6  0-1

[Event "9th Parsvnath Open"]
[Site "New Delhi IND"]
[Date "2011.01.12"]
[Round "7"]
[White "Bykhovsky,Av"]
[Black "Ni Hua"]
[Result "0-1"]
[WhiteElo "2428"]
[BlackElo "2645"]

1.d4 Nf6 2.c4 g6 3.Nc3 d5 4.e3 Bg7 5.Qb3 e6 6.Nf3 O-O 7.Bd2 b6 8.Be2 Bb7
9.cxd5 Nxd5 10.O-O Nd7 11.Rfd1 c5 12.dxc5 Nxc5 13.Qa3 Nf6 14.Be1 Qb8 15.h3 Rc8
16.b4 Nce4 17.Rac1 Rd8 18.Nxe4 Nxe4 19.Nd2 Nf6 20.Nf3 Ne4 21.Nd2 Nxd2 22.Bxd2 Qe5
23.Be1 Rxd1 24.Rxd1 Bd5 25.Rc1 Bf8 26.f4 Qf5 27.Bg4 Qf6 28.Bc3 Qh4 29.Be1 Qe7
30.Qb2 a5 31.bxa5 bxa5 32.Qe2 Qa3 33.Rc2 Qa4 34.Bf3 Bxf3 35.gxf3 Rb8 36.Kg2 h5
37.Bf2 Bg7 38.Qd3 Bf6 39.Be1 Kh7 40.Bf2 Rd8 41.Qb3 Qd7 42.a4 Qd1 43.Qc4 Kg7
44.Rc1 Qd6 45.Be1 Qa3 46.Bc3 e5 47.Ra1 Qd6 48.fxe5 Bxe5 49.Ra2 Qf6 50.Bxe5 Qxe5
51.Qe2 Rb8 52.Rd2 Rb4 53.Qd3 Rxa4 54.f4 Qa1 55.Rd1 Qf6 56.Rd2 Rb4 57.Qd8 Rb6
58.Qa8 Qc6+ 59.Qxc6 Rxc6 60.Ra2 Ra6 61.Ra4 Kf6 62.Kf3 Ke6 63.Ke4 Kd6 64.Kd4 Kc6
65.Kc4 Ra8 66.h4 Ra7 67.Kb3 Kd5 68.Rd4+ Ke6 69.e4 Rb7+ 70.Ka4 Rb1 71.Kxa5 Rh1
72.e5 Kf5  0-1

[Event "9th Parsvnath Open"]
[Site "New Delhi IND"]
[Date "2011.01.16"]
[Round "11"]
[White "Gupta,Ab"]
[Black "Ni Hua"]
[Result "0-1"]
[WhiteElo "2590"]
[BlackElo "2645"]

1.d4 d5 2.c4 c6 3.Nf3 Nf6 4.Nc3 dxc4 5.a4 Bf5 6.Ne5 Nbd7 7.Nxc4 Nb6 8.Ne5 a5
9.f3 Nfd7 10.Nxd7 Nxd7 11.e4 Bg6 12.Be2 e6 13.O-O Bb4 14.Be3 Qe7 15.Qb3 Rb8
16.Na2 Bd6 17.Qc3 Ra8 18.Qb3 Rb8 19.Qc3 Ra8 20.Bf2 O-O 21.Rfd1 Kh8 22.Qb3 Rab8
23.Nc1 f6 24.Qc3 Bb4 25.Qc2 f5 26.e5 Nb6 27.Na2 f4 28.Qb3 c5 29.Rdc1 Nd5
30.Nxb4 cxb4 31.Rc5 b6 32.Rxd5 exd5 33.Qxd5 Rbc8 34.Bc4 Rfd8 35.Qe6 Qxe6
36.Bxe6 Rc2 37.b3 Rb2 38.d5 Rxb3 39.d6 Rd3 40.Bxb6 Ra8 41.Bc4 Rc3 42.d7 Rxc4
43.Rd1 Kg8 44.e6 Kf8 45.Rd5 Ke7 46.Rxa5 Kxe6 47.Rxa8 Kxd7 48.Rd8+ Ke6 49.Rd2 b3
50.Rb2 Rc1+  0-1

[Event "3rd Chennai Open"]
[Site "Chennai IND"]
[Date "2011.01.18"]
[Round "1"]
[White "Shivananda,B"]
[Black "Ni Hua"]
[Result "1/2-1/2"]
[WhiteElo "2372"]
[BlackElo "2645"]

1.e4 e6 2.b3 c5 3.Bb2 b6 4.Nc3 Bb7 5.Qf3 Nc6 6.O-O-O Nd4 7.Qg3 Nf6 8.Re1 h5
9.h4 Qb8 10.Qxb8+ Rxb8 11.f3 a6 12.Nge2 Nc6 13.f4 b5 14.Ng3 Be7 15.Be2 d6
16.Nd1 Nd4 17.Nf2 g6 18.Bd1 Rc8 19.Ne2 e5 20.Nxd4 cxd4 21.Bf3 Nd7 22.Kb1 Bf6
23.c3 dxc3 24.Bxc3 O-O 25.f5 gxf5 26.Bxh5 Kh7 27.Rh3 Kh6 28.Bf3 fxe4 29.Nxe4 Bxe4+
30.Bxe4 Nc5 31.Bf5 Ne6 32.g4 Kg7 33.g5 Bd8 34.Bb4 Rc6  1/2-1/2

[Event "3rd Chennai Open"]
[Site "Chennai IND"]
[Date "2011.01.19"]
[Round "2"]
[White "Ni Hua"]
[Black "Murali Krishnan,B"]
[Result "1-0"]
[WhiteElo "2645"]
[BlackElo "2358"]

1.e4 e6 2.d4 d5 3.Nc3 dxe4 4.Nxe4 Nd7 5.Nf3 Ngf6 6.Nxf6+ Nxf6 7.c3 c5 8.Ne5 a6
9.Be3 Qc7 10.Qa4+ Nd7 11.Bb5 cxd4 12.Bxd7+ Bxd7 13.Qxd4 f6 14.Qxd7+ Qxd7
15.Nxd7 Kxd7 16.O-O-O+ Kc6 17.Rd4 Bd6 18.Rhd1 Rhd8 19.Rc4+ Kd7 20.Bc5  1-0

[Event "3rd Chennai Open"]
[Site "Chennai IND"]
[Date "2011.01.19"]
[Round "3"]
[White "Kathmale,S"]
[Black "Ni Hua"]
[Result "0-1"]
[WhiteElo "2217"]
[BlackElo "2645"]

1.e4 e6 2.d4 d5 3.exd5 exd5 4.c4 Nf6 5.Nc3 Bb4 6.Bd3 O-O 7.Ne2 dxc4 8.Bxc4 h6
9.O-O Nc6 10.Bf4 Bg4 11.Rc1 Re8 12.f3 Bf5 13.Nb5 Ba5 14.Kh1 a6 15.Nbc3 Qe7
16.Ng3 Bg6 17.Bd3 Rad8 18.Bxg6 fxg6 19.Nce2 Bb6 20.Qc2 Kh7 21.Rfd1 Nxd4 22.Nxd4 Rxd4
23.Rxd4 Bxd4 24.Bxc7 Qb4 25.Ne2 Be3 26.Rb1 Ba7 27.Bg3 Nh5 28.a3 Nxg3+ 29.hxg3 Re5
30.Ng1 Qd6 31.Nh3 Rc5 32.Qe4 Qxg3 33.Qxb7 Bb8 34.f4 Bxf4 35.Nxf4 Qxf4  0-1

[Event "3rd Chennai Open"]
[Site "Chennai IND"]
[Date "2011.01.20"]
[Round "4"]
[White "Ni Hua"]
[Black "Chaithanyaa,K"]
[Result "1-0"]
[WhiteElo "2645"]
[BlackElo "1997"]

1.e4 c5 2.Nf3 a6 3.c3 d5 4.exd5 Qxd5 5.d4 Nf6 6.Be2 e6 7.O-O Be7 8.Be3 cxd4
9.Nxd4 O-O 10.Nd2 e5 11.N4b3 Bf5 12.Nc4 Nbd7 13.Qxd5 Nxd5 14.Rfd1 Nxe3 15.Nxe3 Be6
16.Bc4 Nc5 17.Bxe6 fxe6 18.Rd2 Rf4 19.Nxc5 Bxc5 20.Re1 Raf8 21.Nd1 R4f5 22.Re4 h6
23.Kf1 Rh5 24.h3 Rf4 25.Rde2 Bd6 26.b4 Kf7 27.Nb2 Rhh4 28.Nc4 Bc7 29.Nxe5+ Kg8
30.Ng4 h5 31.g3 Rxe4 32.Rxe4 Rxh3 33.Nh6+ gxh6 34.Kg2  1-0

[Event "3rd Chennai Open"]
[Site "Chennai IND"]
[Date "2011.01.21"]
[Round "5"]
[White "Ashwin,J"]
[Black "Ni Hua"]
[Result "1/2-1/2"]
[WhiteElo "2427"]
[BlackElo "2645"]

1.d4 d5 2.c4 c6 3.Nf3 Nf6 4.Nc3 dxc4 5.a4 Bf5 6.Ne5 Nbd7 7.Nxc4 Nb6 8.Ne5 a5
9.f3 Nfd7 10.e4 Nxe5 11.exf5 Ned7 12.d5 cxd5 13.Bb5 e6 14.Qe2 Bb4 15.fxe6 fxe6
16.Qxe6+ Qe7 17.Qxe7+ Kxe7 18.O-O Rac8 19.Rd1 Nf6 20.Bg5 Rhd8 21.Rd3 h6 22.Bh4 g5
23.Bf2 Nc4 24.Bd4 Nh5 25.Ne2 Kf7 26.Rad1 Nf4 27.Nxf4 gxf4 28.Kf1 Ke6 29.g3 Bc5
30.Bxc4 dxc4 31.R3d2 Bxd4 32.Rxd4 Rxd4 33.Rxd4 fxg3 34.hxg3 Rc6 35.Kf2 Rb6
36.Rxc4 Rxb2+ 37.Ke3 Kd5 38.Rh4 Rb3+ 39.Ke2 Rb2+ 40.Ke3 Rb3+ 41.Ke2 Rb2+
42.Ke3  1/2-1/2